| 000 | 01387nam a2200241Ia 4500 | ||
|---|---|---|---|
| 003 | Ost | ||
| 005 | 20260507075345.0 | ||
| 008 | 260507s9999||||xx |||||||||||||| ||und|| | ||
| 020 | _a44963419779 | ||
| 040 | _cfsecg | ||
| 041 | _aara | ||
| 082 | _a330 | ||
| 100 |
_aداود، علي سعد محمد _eمؤلف |
||
| 245 | 0 |
_aالبنوك ومحافظ الإستثمار : _bمدخل دعم اتخاذ القرار / _c علي سعد محمد داود |
|
| 260 |
_aالإسكندرية: _bدار التعليم الجامعي, _c2012 |
||
| 300 |
_a279 صفحة؛ _bإيضاحات ؛ _c24 سم |
||
| 520 | _aالبنوك، ماهية البنوك ووظائفها الأساسية- قياس تكلفة الأموال وتسعير الودائع والقروض المصرفية- إدارة السيولة وملائمة رأس المال للبنوك- تقييم أداء البنوك- الأساليب الكمية في البنوك- محافظ الإستثمار- أسواق المال الأدوات والمؤسسات- مؤشرات البورصة- إدارة محافظ الأوراق المالية- تحليل وتقييم الأسهم والسندات- إنتقاء المحفظة | ||
| 653 | _aإتخاذ القرارات- الإدارة | ||
| 653 | _aالإستثمار | ||
| 653 | _aالبنوك | ||
| 653 | _aالبنوك- تنظيم وإدارة | ||
| 942 | _cكتاب | ||
| 999 |
_c44112 _d44112 |
||